Computational fluid dynamics (Record no. 2125)

000 -LEADER
fixed length control field 00621nam a2200217 a 4500
001 - CONTROL NUMBER
control field 2125
003 - CONTROL NUMBER IDENTIFIER
control field BD-DhUET
008 - FIXED-LENGTH DATA ELEMENTS--GENERAL INFORMATION
fixed length control field 940517s1995 nyua b 001 0 eng
020 ## - INTERNATIONAL STANDARD BOOK NUMBER
International Standard Book Number 0071132104
040 ## - CATALOGING SOURCE
Original cataloging agency DLC
Transcribing agency DLC
Modifying agency BD-DhUET
082 00 - DEWEY DECIMAL CLASSIFICATION NUMBER
Classification number 532.050285
Item number AND/1995
100 ## - MAIN ENTRY--PERSONAL NAME
Personal name Anderson, John D.
245 10 - TITLE STATEMENT
Title Computational fluid dynamics
Remainder of title the basics with applications
250 ## - EDITION STATEMENT
Edition statement 1st ed.
260 ## - PUBLICATION, DISTRIBUTION, ETC. (IMPRINT)
Place of publication, distribution, etc. New York
Name of publisher, distributor, etc. McGraw-Hill
Date of publication, distribution, etc. 1995
300 ## - PHYSICAL DESCRIPTION
Extent xxiv, 547 p.
490 1# - SERIES STATEMENT
Series statement McGraw-Hill series in mechanical engineering
504 ## - BIBLIOGRAPHY, ETC. NOTE
Bibliography, etc Includes bibliographies
650 #0 - SUBJECT ADDED ENTRY--TOPICAL TERM
Topical term or geographic name as entry element Fluid dynamics-Data processing
942 ## - ADDED ENTRY ELEMENTS (KOHA)
Koha item type General Book
Holdings
Copy number Koha out on loan Lost status Source of classification or shelving scheme Piece designation (barcode) Date acquired Shelving location Koha full call number Koha item type Koha date last seen Koha date last borrowed Location (home branch) Price effective from Koha normalized classification for sorting Withdrawn status Koha issues (times borrowed) Not for loan Sublocation or collection (holding branch) Damaged status
12019-02-28  1033572014-09-20Circulation section532.050285/AND/1995General Book2018-02-282018-02-28Central Library, BUET2014-09-20532_000000000000000_050285AND1 1 Central Library, BUET 
2   1033592014-09-20Circulation section532.050285/AND/1995General Book2023-08-262023-08-12Central Library, BUET2014-09-20532_000000000000000_050285AND1 3 Central Library, BUET 
3   1033612015-02-04Circulation section532.050285/AND/1995General Book2015-07-292015-03-23Central Library, BUET2015-02-04532_050285000000000_AND_1995 6 Central Library, BUET 
4   951992015-06-08Reading section532.050285/AND/1995Reading Item2015-06-08 Central Library, BUET2015-06-08532_050285000000000_AND_1995   Central Library, BUET 
52020-06-15  1145922016-09-25Circulation section532.050285/AND/1995General Book2019-06-162019-06-16Central Library, BUET2016-09-25532_050285000000000_AND_1995 1 Central Library, BUET 
2   1145932016-09-25Circulation section532.050285/AND/1995General Book2016-09-25 Central Library, BUET2016-09-25532_050285000000000_AND_1995   Central Library, BUET 
6   1033602007-05-07Circulation section532.050285/AND/1995General Book2017-10-31 Central Library, BUET2017-10-31532_050285000000000_AND_1995   Central Library, BUET